000 00507nam a22001697a 4500
005 20180906144934.0
010 _aB-217245
020 _a818500232347
_c350.00
035 _aB-217245
037 _bPromilla & Co.Publishers
082 _a915.491
100 _aTikekar, Maneesha
245 _aAcross the wagah:
_ban indian's sojourn in pakistan
_cManeesha Tikekar
260 _aNew Delhi
_bPromilla & Co.Publishers
_c2004
300 _a360p.
_c22cm(pbk)
942 _2ddc
_cEN
_h915.491
_mTIK
999 _c157071
_d157071